[Event "CHN-ch Rapid Women 2017"]
[Site "Shenzhen"]
[Date "2017.12.07"]
[Round "1"]
[White "Yuan, Ye"]
[Black "Huang, Qian"]
[Result "0-1"]
[WhiteElo "2159"]
[BlackElo "2438"]
[Annotator "TA"]
[PlyCount "58"]
[EventDate "2017.??.??"]
[EventType "rapid"]
[EventCountry "CHN"]
[SourceTitle "playchess.com"]
[Source "ChessBase"]
[SourceQuality "1"]

{[%evp 9,58,33,67,30,66,31,39,42,55,56,85,57,66,22,51,0,7,12,78,17,43,0,0,-29,-21,-18,0,-23,-4,-72,-69,-70,-28,-73,43,-83,-82,-182,-6,-150,-42,-264,-47,-347,-327,-334,-343,-1175,-1179,-1133,-1110]} 1. d4 d5 2. c4 dxc4 3. e4 Nf6 4. e5 Nd5 5. Bxc4 Be6 (5... Nb6 6. Bd3 Nc6 7. Ne2 Bg4 8. f3 Bh5 9. Be4 e6 10. O-O Bg6 11. Be3 Be7 12. Nbc3 Bxe4 13. fxe4 Bg5 14. Bf2 O-O 15. b3 f5 {½-½ (81) Grischuk,A (2785)-Caruana,F (2794) Saint Louis 2017}) 6. Ne2 {D20: Queen's Gambit Accepted: 3 e3 and 3 e4} c6 $146 ({Predecessor:} 6... Qd7 7. Nd2 b5 8. Bd3 a6 9. Nb3 Nb4 10. Nc5 Qc6 11. Nxe6 Qxe6 12. Be4 c6 13. Nf4 {1-0 (32) Mayer,E (1457)-Mandanici,R (1463) IECC email 1998}) 7. Bb3 Qd7 8. O-O {White is slightly better.} Bf5 9. Ng3 Bg6 10. Nc3 e6 11. Nce4 Na6 12. Bd2 h5 13. h4 Nac7 (13... Be7 $11) 14. Rc1 (14. Bg5 $16) 14... Be7 15. Bg5 f6 $36 {[%mdl 2048] Black is pushing.} 16. exf6 gxf6 17. Bd2 O-O-O 18. Nc5 Bxc5 19. dxc5 (19. Rxc5 $11 Ne7 20. Be3) 19... e5 $17 20. Re1 Rde8 21. Bc2 f5 ({Black should try} 21... Reg8 $17) 22. Ne2 (22. Bc3 $14 {keeps the upper hand.}) 22... Rhg8 {...f4 is the strong threat.} 23. Ng3 (23. Bh6 $17) 23... Qf7 $2 (23... f4 $19 24. Ne4 Kb8) 24. b4 (24. Bg5 $11) 24... e4 (24... f4 $17 25. Ne4 Kb8) 25. a4 $2 {[#]} (25. Bg5 $15) 25... a6 $2 ({Better is} 25... e3 $1 $19 {[%mdl 512] aiming for ...f4.} 26. Rxe3 (26. Bxe3 f4) 26... Rxe3 27. fxe3 f4) 26. Rb1 $2 {[%mdl 8192] [#]} (26. Bg5 $15) 26... e3 $1 $19 {[%mdl 512]} 27. fxe3 (27. Bxe3 f4) 27... f4 {[%cal Bf5f4,Bf4f3][%mdl 32]} 28. Nf1 $2 (28. exf4 Bxc2 29. Rxe8+ Nxe8 30. Qxc2 Rxg3 31. b5) 28... Bxc2 29. Qxc2 f3 {Precision: White = 11%, Black = 33%.} ({Less strong is} 29... Qg7 30. Qf5+ Kb8 31. Qh3 $17) 0-1

[Event "CHN-ch Rapid Women 2017"]
[Site "Shenzhen"]
[Date "2017.12.07"]
[Round "1"]
[White "Hong, Xing"]
[Black "Wang, Doudou"]
[Result "1-0"]
[WhiteElo "2017"]
[BlackElo "2191"]
[Annotator "TA"]
[PlyCount "101"]
[EventDate "2017.??.??"]
[EventType "rapid"]
[EventCountry "CHN"]
[SourceTitle "playchess.com"]
[Source "ChessBase"]
[SourceQuality "1"]

{[%evp 14,101,35,30,43,27,43,-52,-26,-29,0,-1,0,-12,-13,-11,0,-49,-12,-50,19,2,17,0,0,-1,0,-66,87,37,81,43,145,113,201,0,0,0,0,0,0,-1,44,45,41,27,44,37,58,5,2,6,22,16,20,8,45,47,147,144,211,208,231,181,580,571,579,573,543,533,676,642,890,995,958,956,2004,1629,2381,2190,1767,1383,5181,4137,4841,4137,2386,2140,1671,1507]} 1. e4 e5 2. Nf3 d6 3. d4 exd4 4. Nxd4 Nf6 5. Nc3 Be7 6. Bc4 O-O 7. O-O Re8 8. h3 {LiveBook: 4 Games. C41: Philidor Defence} c6 9. a4 Nbd7 $146 {[%cal Bb8d7,Bd7c5,Bc5d3][%mdl 32]} ({Predecessor:} 9... Nxe4 10. Nxe4 d5 11. Bxd5 Qxd5 12. Ng3 Bf6 13. Ndf5 Bxf5 14. Qxd5 cxd5 15. Nxf5 Nc6 16. c3 {1-0 (40) Vasile,C (2202)-Gabuzyan,H (2540) Budva 2013}) 10. f4 (10. Re1 $14) 10... Bf8 (10... d5 $5 11. exd5 Nb6 $15) 11. Qf3 Nc5 {[%cal Rf6e4]} (11... d5 $5 12. exd5 Nb6 $15) 12. Bd3 $1 a5 13. Kh1 Nxd3 14. cxd3 Bd7 15. g4 {Hoping for g5.} c5 (15... d5 $5) 16. Nc2 {[#] And now g5 would win.} Bc6 (16... d5 $1 $15 {[%mdl 512]} 17. Nxd5 Bc6) 17. g5 Nd7 18. Ne3 Nb6 19. Kh2 Qd7 20. b3 (20. Bd2 $11) 20... Rad8 $2 (20... d5 $1 $15 {keeps the upper hand.}) 21. Nc4 Qc7 22. Nxa5 Bd7 ({Better is} 22... d5 $14) 23. Nc4 d5 (23... Bc6 $16) 24. Nxb6 $2 (24. exd5 $18 Nxc4 25. bxc4 (25. dxc4 Bf5 $18)) 24... Qxb6 $11 25. Nxd5 Qxb3 26. Ra3 Qc2+ 27. Qf2 $132 {[%mdl 2048] White is not keeping still} Bxa4 28. Qxc2 Bxc2 29. Rf2 Bd1 30. Rd2 Bh5 31. Ra7 ({White should play} 31. Rb3 $14) 31... b5 32. Nc7 Re7 {White must now prevent ...Rdd7.} 33. Nxb5 Rxa7 34. Nxa7 c4 35. dxc4 Ra8 {[#]} (35... Rxd2+ $14 36. Bxd2 Bc5) 36. Nb5 $1 $16 h6 (36... Bb4 $16 37. Rb2 Bc5) 37. gxh6 $18 gxh6 38. Bb2 Bb4 $2 (38... Bf3 39. Nc7 Bb4) 39. Rg2+ {White is clearly winning.} Kf8 40. Bg7+ Ke7 41. Nc7 Rb8 42. Nd5+ Kd8 43. Be5 Rb7 44. Rb2 Bf3 45. Rxb4 Rxb4 46. Nxb4 Bxe4 47. Kg3 Kd7 48. Kg4 Ke6 49. h4 f6 50. Bc3 Bg6 51. c5 {Precision: White = 51%, Black = 16%.} 1-0

[Event "CHN-ch Rapid Women 2017"]
[Site "Shenzhen"]
[Date "2017.12.07"]
[Round "2"]
[White "Shen, Yang"]
[Black "Zhai, Mo"]
[Result "0-1"]
[WhiteElo "2465"]
[BlackElo "2302"]
[Annotator "TA"]
[PlyCount "212"]
[EventDate "2017.??.??"]
[EventType "rapid"]
[EventCountry "CHN"]
[SourceTitle "playchess.com"]
[Source "ChessBase"]
[SourceQuality "1"]

{[%evp 17,212,17,11,-5,0,-17,-19,-19,-7,-43,-39,-44,-1,-10,0,0,0,0,7,7,0,-56,17,24,41,39,39,41,53,33,29,27,23,27,34,34,31,27,53,32,38,31,46,0,0,0,0,-67,0,-97,-26,-38,-13,-320,-308,-360,-329,-503,-491,-661,-645,-655,-651,-535,-271,-271,-280,-268,-244,-313,-322,-590,-456,-399,0,-568,-577,-462,-270,-253,-216,-243,-151,-535,-551,-525,-458,-499,-477,-508,-493,-425,-361,-355,-361,-356,-344,-703,-702,-657,-686,-680,-670,-655,-650,-610,-632,-656,-465,-804,-804,-794,-790,-762,-743,-527,0,-716,-691,-677,-648,-807,-779,-807,-807,-749,0,-754,-725,-747,-733,-726,-724,-653,-452,-727,-715,-676,-695,-662,-522,-508,-498,-747,-748,-609,-534,-748,-748,-1041,-679,-1041,-765,-9331,-912,-894,-766,-687,-665,-29940,-596,-11139,-9483,-9483,-2064,-1540,-1370,-6070,-6070,-5406,-4927,-1727,-1604,-29965,-29965,-29970,-29971,-29971,-29965,-29972,-29975,-29981,-5949,-29961,-29960,-29962,-29962,-29952,-29956,-29967,-29964,-11763,-6195,-5431,-4962,-29986,-29987]} 1. d4 Nf6 2. Nf3 e6 3. c4 b6 4. g3 Bb7 5. Bg2 Be7 6. O-O O-O 7. Nc3 Ne4 8. Bd2 d6 9. Rc1 {E18: Damenindisch (Hauptfortsetzung)} (9. d5 Nxd2 10. Nxd2 e5 11. b4 a5 12. bxa5 Rxa5 13. Nb3 Ra8 14. a4 Bc8 15. a5 Na6 16. Nb5 f5 17. Ra3 f4 18. axb6 cxb6 19. Nd2 Bg4 20. Bf3 Bh3 21. Bg2 Bg4 22. Bf3 Bh3 23. Bg2 {½-½ (23) Tomashevsky,E (2711)-Rapport,R (2692) Sharjah 2017}) 9... Nd7 {LiveBook: 7 Partien} 10. b4 c5 $146 ({Vorgänger:} 10... Nxd2 11. Qxd2 a5 12. a3 f5 13. Ne1 Bxg2 14. Nxg2 Bf6 15. Rfd1 Qe7 16. h4 Kh8 {0-1 (26) Todor,S (1881)-Hogye,I (2114) Hungary 2010}) 11. dxc5 {Die Stellung ist ausgeglichen.} Nxd2 12. Qxd2 bxc5 13. b5 Nb6 14. Qd3 Qc7 15. a4 a5 16. Nd2 Bxg2 17. Kxg2 Rfd8 18. e4 Bf6 19. Ra1 {[#]} (19. Ndb1 $11) 19... Qb7 (19... d5 $1 $15 {[%mdl 512]} 20. cxd5 c4) 20. Ra2 $11 Rd7 21. Rc1 g6 22. h4 h5 23. Qf3 Bg7 24. Ne2 Bh6 25. Nf4 Bg7 26. Nb3 Bh6 {und nun wäre ...e5 stark für Schwarz.} 27. Rcc2 Bg7 28. Ne2 Rdd8 29. Kh2 Nd7 30. Qe3 Ne5 {Weiss muss nun ...Sg4+ beachten.} 31. f3 f5 {Und ...fxe4 würde nun gewinnen.} 32. Ng1 ({Besser ist} 32. Nd2 $11) 32... Rf8 (32... fxe4 $15 33. Qxe4 Ng4+ $1 {[%mdl 512]} 34. Kh3 Qxe4 35. fxe4 Rf8) 33. Nd2 (33. Kg2 $11) 33... fxe4 ({Günstiger ist} 33... Rf7 $17 34. Ra3 Raf8) 34. Qxe4 d5 $36 {[%mdl 2048] Schwarz hat Initiative.} 35. cxd5 $2 {[%mdl 8192]} (35. Qe2 $11) 35... exd5 $19 {[%cal Be6d5,Bd5d4,Bd4d3][%mdl 32]} 36. Qe2 c4 37. Nf1 (37. Ra3 $142) 37... Rae8 38. Qd1 {[#]} d4 $1 {[%mdl 512]} 39. Rf2 (39. Qxd4 Nxf3+) 39... d3 40. Ne3 Qb6 41. Nxc4 Nxc4 42. Qxd3 Ne5 43. Qd5+ Kh8 44. Nh3 $2 (44. Kh1 {war einen Versuch wert.}) 44... Rd8 45. Qe4 Rde8 (45... Rd4 $142 46. Qe2 Qd6) 46. Qd5 Qe3 47. Kg2 Rd8 (47... Nd3 $142 48. Qg5 Ne1+ 49. Kh1 Qe6) 48. Qe4 Qxe4 49. fxe4 Nd3 50. Rfe2 $2 (50. Rxf8+ $17 {leistet mehr Widerstand.} Rxf8 51. Re2) 50... Nc1 $1 {[%csl LRa2,LRe2]} 51. Nf4 Nxe2 52. Rxe2 Rf6 53. e5 Rb6 54. e6 Kh7 55. e7 Re8 56. Nd5 Rb7 57. Kf3 $2 (57. Rd2) 57... Rd7 58. Ke4 Rd6 59. Rf2 Re6+ 60. Kf3 Re5 61. Rd2 Rf5+ 62. Ke4 Bf6 63. Rc2 (63. Nxf6+ $142 Rxf6 64. Rd7) 63... Re5+ 64. Kd4 Bg7 65. Kc4 Rc8+ 66. Kb3 Re8 $2 (66... Rxc2 $19 67. Kxc2 Kg8) 67. Rd2 $2 {[%mdl 8192]} (67. Kc4 $11 Re4+ 68. Kb3) 67... Re4 68. b6 Be5 69. b7 Kg7 70. Rc2 Kf7 71. Rf2+ Kg7 72. Rc2 Rd4 73. Rc5 Kf7 74. Rxa5 Rb8 75. Rb5 {[#]} Rxd5 $1 {[#]} 76. Rxd5 (76. e8=Q+ $142 $1 {[%mdl 512]} Kxe8 (76... Rxe8 77. Rxd5) 77. Rxd5 Rxb7+ 78. Kc4 Bxg3 79. Rg5 Bxh4 80. Rxg6) 76... Rxb7+ {[%mdl 4096] Endspiel KTL-KT} 77. Kc4 Rxe7 78. Rd3 Ke6 79. a5 Rd7 80. Rf3 (80. Ra3 $142 Rc7+ 81. Kb5) 80... Rc7+ 81. Kb5 Rc3 82. Rf1 Rxg3 83. a6 Bd4 84. Kc6 Rb3 85. Kc7 Bb6+ 86. Kc8 Ra3 87. Kb7 Bd4 88. Rf4 Bc5 (88... Rb3+ $142 89. Kc6 Ke5 90. Rf8 Rb6+ 91. Kd7 Rxa6 92. Rb8 Bf2 93. Rb5+ Kf4 94. Kc8 Bxh4 95. Rb4+ Kg5 96. Rb5+ Kh6 97. Rb3 g5 98. Rb8 Bg3 99. Rb1 h4 100. Kd7 h3 101. Kc8 h2 102. Kd7 g4 103. Rc1 Bd6 104. Kc8 g3 105. Kb7 Ra2 106. Rd1 Kg5 107. Rd5+ Kg4 108. Rd1 g2 109. Kc6 h1=Q 110. Rd4+ Bf4 111. Re4 g1=Q 112. Kb5 Qf1+ 113. Re2 Qd5+ 114. Kb6 Qg1+ 115. Rf2 Qxf2#) 89. Rc4 Kd5 90. Rf4 Bd4 91. Rf8 Rb3+ 92. Kc7 Be5+ 93. Kd7 Rb4 94. Rg8 Rb6 95. a7 Rb7+ 96. Ke8 Rxa7 97. Rxg6 Rh7 98. Kf8 Ke4 99. Kg8 Rh8+ 100. Kf7 Bf4 101. Kf6 Ra8 102. Rg1 Ra6+ 103. Kg7 Kf5 104. Kf7 Ra7+ 105. Ke8 Be5 {( -> ...Ke6)} 106. Rb1 Ke6 {Precision: Weiß = 37%, Schwarz = 67%.} 0-1

[Event "CHN-ch Rapid Women 2017"]
[Site "Shenzhen"]
[Date "2017.12.07"]
[Round "2"]
[White "Huang, Qian"]
[Black "Kuang, Yinghui"]
[Result "1/2-1/2"]
[WhiteElo "2438"]
[BlackElo "2220"]
[Annotator "TA"]
[PlyCount "34"]
[EventDate "2017.??.??"]
[EventType "rapid"]
[EventCountry "CHN"]
[SourceTitle "playchess.com"]
[Source "ChessBase"]
[SourceQuality "1"]

{[%evp 15,34,-15,-3,-31,-52,-60,-67,-129,-141,-314,-180,-164,-169,-193,-193,-192,-192,-192,-164,-189,-87]} 1. c4 e5 2. g3 Nc6 3. Bg2 Nf6 4. Nc3 g6 5. Nf3 Bg7 6. d4 exd4 7. Nxd4 O-O 8. Nxc6 {A29: English Opening: Four Knights Variation with 4 g3} (8. Bf4 Nh5 9. Nxc6 dxc6 10. Qxd8 Rxd8 11. Bxc7 Rd4 12. c5 Rc4 13. O-O Rxc5 14. Rfc1 Nf6 15. Bd6 Rh5 {½-½ (32) Nepomniachtchi,I (2742)-Carlsen,M (2822) Saint Louis 2017}) 8... dxc6 {LiveBook: 3 Games} 9. Qxd8 Rxd8 10. Bd2 {Black is slightly better.} Be6 11. b3 (11. c5 $15) 11... Ng4 $17 12. Rd1 $146 {[#]} (12. Rf1 $17) ({Predecessor:} 12. f3 Rxd2 13. Kxd2 Rd8+ 14. Nd5 Bxa1 15. Rxa1 Nf6 {0-1 (15) Dornieden,M (2299)-Meszaros,I (1977) Naumburg 2002}) 12... Rxd2 (12... Bxc3 $142 13. Bxc3 Rxd1+ 14. Kxd1 Nxf2+ 15. Kc2 Nxh1 16. Bxh1 Bg4) 13. Kxd2 $19 {Black is clearly better.} Nxf2 14. Kc2 Re8 15. Rhe1 Nxd1 16. Nxd1 Bg4 17. e3 Bxd1+ (17... Bf5+ $19 {is more deadly.} 18. e4 c5) 1/2-1/2

[Event "CHN-ch Rapid Women 2017"]
[Site "Shenzhen"]
[Date "2017.12.07"]
[Round "2"]
[White "Zhang, Xiaowen"]
[Black "Xiao, Yiyi"]
[Result "1/2-1/2"]
[WhiteElo "2332"]
[BlackElo "2311"]
[Annotator "TA"]
[PlyCount "78"]
[EventDate "2017.??.??"]
[EventType "rapid"]
[EventCountry "CHN"]
[SourceTitle "playchess.com"]
[Source "ChessBase"]
[SourceQuality "1"]

{[%evp 20,78,30,35,32,35,55,72,68,44,53,31,51,61,49,39,60,34,76,53,83,25,39,20,37,11,43,43,52,2,31,20,45,0,0,0,0,0,0,0,0,0,0,0,0,0,0,0,0,-76,0,0,0,0,21,0,24,0,0,0,0]} 1. e4 e5 2. Nf3 Nc6 3. Bb5 Nf6 4. Nc3 Bb4 5. O-O O-O 6. d3 d6 7. Bg5 Bxc3 8. bxc3 h6 9. Bh4 Bg4 10. h3 Bxf3 11. Qxf3 g5 {C49: Four Knights: 4 Bb5 Bb4} 12. Bg3 Ne8 (12... Qe7 13. h4 Kg7 14. d4 Nd7 15. hxg5 hxg5 16. Qg4 a6 17. Bxc6 bxc6 18. f4 exf4 19. Rxf4 {½-½ (37) Kristjansson,S (2476)-Porat,I (2272) Budapest 2008}) 13. d4 $146 ({Predecessor:} 13. Rad1 Ng7 14. d4 f5 15. Bc4+ Kh8 16. exf5 Nxf5 17. Qe4 exd4 18. cxd4 Qf6 19. c3 {0-1 (37) Guyader,T (2060)-Coent,Y (1750) Fouesnant 1997}) 13... Qf6 {White is better.} 14. Bxc6 bxc6 15. Qe3 Ng7 16. dxe5 dxe5 17. Qc5 Rfe8 18. Rab1 {[%cal Ba1b1,Bb1b7,Bb7c7][%mdl 32]} Nh5 19. Rb7 Qd6 {[#]} 20. Qxd6 (20. Qa5 $1 $16) 20... cxd6 $11 21. Rd1 Red8 22. Rc7 Nf6 23. f3 c5 24. Rb1 Rdb8 25. Rb3 (25. Rbb7 {feels hotter.} Rxb7 26. Rxb7 Kf8 27. h4 Ke8 28. Kh2) 25... Ne8 26. Rxa7 (26. Rcb7 {looks sharper.} Rxb7 27. Rxb7 Kg7 28. a4 Kf6 29. Be1) 26... Rxa7 27. Rxb8 $14 {[%mdl 4096] Endgame KRB-KRN} Kf8 28. Rb2 $1 Ke7 29. Kf2 Ra3 30. Ke2 Rxc3 31. a4 {With the idea Ra2.} Ra3 32. Rb7+ Ke6 33. Ra7 Nf6 34. a5 (34. Be1 $11 {remains equal.}) 34... Nd7 (34... Nxe4 $1 $17 35. Bxe5 Kxe5 36. fxe4 Kxe4) 35. Be1 Nb8 36. Rc7 Na6 37. Rb7 Ra2 38. Rb6 Nb4 39. Bxb4 cxb4 {Precision: White = 41%, Black = 44%.} 1/2-1/2

[Event "CHN-ch Rapid Women 2017"]
[Site "Shenzhen"]
[Date "2017.12.07"]
[Round "2"]
[White "Zhu, Jiner"]
[Black "Wang, Jue"]
[Result "1/2-1/2"]
[WhiteElo "2324"]
[BlackElo "2359"]
[Annotator "TA"]
[PlyCount "134"]
[EventDate "2017.??.??"]
[EventType "rapid"]
[EventCountry "CHN"]
[SourceTitle "playchess.com"]
[Source "ChessBase"]
[SourceQuality "1"]

{[%evp 20,134,6,23,73,0,0,24,0,8,29,26,32,29,32,28,56,28,47,44,47,41,45,29,127,123,132,109,91,55,102,39,37,25,0,0,0,-23,0,-37,0,-45,-24,-92,-75,-161,-80,-72,-64,-80,-63,-68,-55,-123,-123,-120,-120,-120,-120,-126,-117,-144,-123,-125,-124,-123,-131,-140,-129,-151,-138,-196,-137,-344,-375,-332,-395,-365,-389,-390,-396,-382,-383,-380,-365,-342,-321,-293,-304,-405,-402,-373,-366,-543,-513,-486,-477,-681,-642,-631,-618,-649,-649,-556,-210,-256,-63,-74,-61,-62,-61,-64,-16,-16,-12,-16,-12]} 1. e4 c5 2. Nf3 d6 3. d4 cxd4 4. Nxd4 Nf6 5. Nc3 a6 6. Be3 Ng4 7. Bc1 Nf6 8. Be3 e5 9. Nb3 Be6 10. h3 {B90: Sizilianisch (Najdorf-Variante, Abweichungen)} Be7 11. f4 {LiveBook: 107 Partien} g6 $146 ({Vorgänger:} 11... Nc6 12. f5 Bxb3 13. axb3 Nb4 14. g3 d5 15. exd5 Qc7 16. d6 Bxd6 17. Nb5 Nxc2+ {½-½ (35) Mamedov,R (2655)-Karjakin,S (2779) Shamkir 2016}) 12. Qf3 {Weiß steht besser.} exf4 $1 13. Bxf4 Nh5 14. Be3 Ng3 (14... Nc6 {feels hotter.} 15. O-O-O Ne5 16. Qf2 Bh4 17. Qd2 Ng3) 15. Rg1 ({Vergiftet wäre} 15. Qxg3 $2 Bh4 $19) 15... Nxf1 16. Rxf1 Nc6 17. O-O-O $36 {[%mdl 2048] Weiss kämpft um Vorteil.} O-O 18. Kb1 Ne5 19. Qf2 Bc4 20. Rfe1 b5 21. Nd4 Qa5 {[#]} (21... Rc8 $11) 22. Nf5 $1 $16 {[%cal Rf5e7][%mdl 512]} Qd8 ({Jedoch nicht} 22... gxf5 $2 23. Bb6 $18) 23. Nxe7+ Qxe7 24. g4 f6 25. Rg1 (25. b3 $16 Be6 26. Bh6) 25... Rac8 $14 26. h4 Qd7 27. Qg2 Be6 {[%cal Re6g4]} 28. Nd5 Bxg4 29. Rd4 Rc6 30. c3 h5 31. Nf4 (31. Qg3 $11) 31... Kh7 32. Rf1 (32. Nd5 $17) 32... Be6 (32... g5 $1 $19 {[%cal Rg5f4] und Schwarz behält klar die Oberhand.} 33. hxg5 fxg5) 33. Bc1 Ng4 34. Qg3 Bc4 35. Rfd1 Qe7 36. Nd5 (36. Re1 $15) 36... Bxd5 $1 $17 37. exd5 Rc4 38. Re1 {[#]} Ne5 $1 39. Qf4 Qf7 40. Qe3 Kg8 41. b3 Rc7 42. Ba3 Qd7 43. Bb4 Kg7 44. Kb2 Rcc8 45. Re4 {[#]} (45. Ka1 $17) 45... Qc7 (45... a5 $1 $19 {[%mdl 512]} 46. Bxa5 Rce8) 46. Rc1 $2 (46. Ka1 $17) 46... a5 $19 47. Ba3 {[#]} b4 $1 {[%mdl 512]} 48. cxb4 Qxc1+ 49. Qxc1 Nd3+ ({Schlechter ist} 49... Rxc1 50. Kxc1 axb4 51. Bxb4 $11) 50. Kb1 Nxc1 51. Bxc1 axb4 52. Rxb4 {[%mdl 4096] Endspiel KTT-KTL} Rc5 53. Rd4 Re8 54. Bf4 Re1+ 55. Kb2 Re2+ 56. Bd2 (56. Ka3 $142 Ra5+ 57. Kb4 Raxa2 58. Bxd6) 56... g5 57. b4 Rc8 58. hxg5 (58. Kb3 $142 Kg6 59. a4) 58... h4 {[%cal Bh5h4,Bh4h3][%mdl 32] Weiss muss nun ...h3 beachten.} 59. Kb3 h3 {Und weiter mit ...h2 wäre nett.} 60. gxf6+ Kxf6 {Und ...h2 würde nun gewinnen.} 61. Bf4 Rcc2 $2 (61... h2 62. Bxh2 Rxh2) 62. Bxd6 Rxa2 $2 (62... Rcd2 $19 63. Rf4+ Kg5) 63. Rh4 $15 h2 64. Bb8 Rad2 65. Ka4 Ke7 66. Rh7+ Kd8 67. Bf4 Rxd5 {Precision: Weiß = 41%, Schwarz = 47%.} 1/2-1/2

[Event "CHN-ch Rapid Women 2017"]
[Site "Shenzhen"]
[Date "2017.12.07"]
[Round "2"]
[White "Ren, Xiaoyi"]
[Black "Guo, Qi"]
[Result "1/2-1/2"]
[WhiteElo "2254"]
[BlackElo "2396"]
[Annotator "TA"]
[PlyCount "155"]
[EventDate "2017.??.??"]
[EventType "rapid"]
[EventCountry "CHN"]
[SourceTitle "playchess.com"]
[Source "ChessBase"]
[SourceQuality "1"]

{[%evp 17,155,23,31,-68,-56,-70,-30,-20,-19,-17,-21,-49,-64,-107,-77,-83,236,243,241,250,253,246,235,188,217,205,257,208,297,260,280,263,306,304,282,192,177,171,249,251,245,246,264,197,188,189,198,204,182,181,376,375,376,376,376,376,376,376,358,222,191,225,203,17,18,18,45,15,642,636,642,642,628,628,628,628,620,608,592,592,583,576,460,8,649,219,821,816,686,612,856,839,736,645,29971,29972,29975,29963,29958,11869,29974,29975,29975,29976,29976,29977,29977,29978,29977,29978,29971,8,341,8,8,8,8,8,8,8,8,8,8,8,8,8,8,8,8,8,8,0,8,8,8,8,8,8,8,8]} 1. d4 Nf6 2. c4 e6 3. g3 c5 4. Nf3 cxd4 5. Nxd4 d5 6. Bg2 e5 7. Nb3 d4 8. O-O {[%cal Bh1f1,Bf1f4,Bf4d4][%mdl 32]} Nc6 {E01: Catalan: Early deviations} 9. f4 Be7 {LiveBook: 4 Games} 10. e3 $146 (10. Bxc6+ $14 bxc6 11. fxe5) ({Predecessor:} 10. Bxc6+ bxc6 11. fxe5 Ng4 12. Qxd4 O-O 13. N1d2 a5 14. Nf3 a4 15. Qxd8 Rxd8 16. Nbd4 {1-0 (35) Smirnov,P (2617)-Nolte,R (2417) Olongapo City 2015}) 10... Bg4 $15 {Black is slightly better.} 11. Qe1 exf4 12. Rxf4 {[%cal Re3d4]} dxe3 13. Bxe3 O-O 14. h3 Be6 15. N1d2 Nb4 16. Qd1 Nd3 $2 {[%mdl 8192]} (16... Re8 $17) 17. Rd4 $18 Qc7 18. Rxd3 Qxg3 19. Qf3 Qg6 20. Rd4 a5 21. a4 Rae8 22. Bf2 Nh5 (22... b6 $142 23. Qg3 Bf5 24. Qxg6 hxg6) 23. Re1 (23. Qxb7 $6 Bxh3 24. Qf3 (24. Nxa5 $2 Bc5 $19) 24... Bxg2 $18) 23... Bf6 24. Rde4 Bxb2 25. Bc5 (25. Nxa5 Nf6) 25... Ng3 26. Bxf8 (26. Nxa5 $6 Nxe4 27. Nxe4 f5 $16) 26... Nxe4 27. Qxe4 Rxf8 (27... Qxe4 {is a better defense.} 28. Nxe4 Rxf8 29. Nxa5 b6) 28. Qxg6 ({Don't play} 28. Nxa5 $6 Bc3) ({Weaker is} 28. Qxb7 Bxh3 29. c5 Bc3 $16) 28... hxg6 29. Bxb7 Rd8 30. Rxe6 fxe6 31. c5 Be5 32. Nc4 Bc7 33. Nbxa5 Rd4 $2 (33... Rd3 34. Nc6 Rg3+ 35. Kf1 Rg5) 34. Nb6 Bxb6 35. cxb6 Rxa4 36. Nc6 Ra1+ 37. Kf2 Rb1 38. Ne7+ Kf7 39. Nc8 Ke8 {[#]} 40. Bc6+ $2 (40. Ba8 $1 $18) 40... Kd8 $11 41. b7 Kc7 42. Bf3 (42. Bg2 {with more complications.} Rb2+ 43. Kg3 Rb3+ 44. Kh2 Kd7 45. h4) 42... g5 $2 {[%mdl 8192]} (42... e5 $11) 43. Ne7 $18 Rb4 44. Ng6 Kd6 45. Kg2 Rb2+ 46. Kg3 Rb4 47. Bg2 Rb2 48. Be4 Rb4 49. Kf3 e5 50. Ke3 $2 ({White must play} 50. Nf8 $18 Ke7 51. Nh7) 50... Ke6 $2 {[%mdl 8192]} (50... Rb3+ $11 51. Kd2 Kc7) 51. Bf3 $2 (51. Kd2 Kd6 52. Kc3) 51... Kf6 $2 (51... Rb3+ 52. Kd2 Kd6) 52. Nf8 Ke7 53. Nh7 Ke6 54. Nxg5+ Kd7 55. Ne4 Kc7 56. Nc5 Rb6 57. Kd3 Rd6+ 58. Kc4 (58. Ke4 $142 Rc6 {[#]} 59. Nd7 $1 {[%mdl 512]} Rb6 60. Nxb6 Kxb7 61. Kxe5+ Kc7 62. Na8+ Kd8 63. Kf5) 58... Kb8 59. Kb5 Ka7 60. Bc6 Rd1 61. Nd7 Rxd7 62. Bxd7 Kxb7 {[%mdl 4096] Endgame KB-KPP} 63. Kc5 Kc7 64. Bf5 $2 (64. Bb5 {mates} Kd8 65. Kd6 e4 66. h4 g6 67. Ke6 Kc7 68. Kf6 Kd6 69. Kxg6) 64... Kd8 $2 {[%mdl 8192]} (64... g6 $11 {and Black has nothing to worry.} 65. Be4 (65. Bxg6 Kd7 $18) 65... Kd7) 65. Kd5 $2 ({White has to play} 65. Kd6 $18 Ke8 66. Kxe5) 65... Ke7 $11 {The position is equal.} 66. Kxe5 {White threatens Be6 and mate. KB-KP} (66. Bb1 {looks sharper.} Kf7 67. Bd3 e4 68. Kxe4 Kg8 69. Ke5) 66... Kf7 $1 67. Kf4 (67. Be6+ {keeps more tension.} Kg6 68. Bg8 Kh6 69. Kf5 g5 70. Bd5) 67... g5+ 68. Kg4 Kf6 69. Bd3 {Hoping for Kh5.} Kg7 70. Kh5 Kh8 71. Kg6 {And now Be2 would win.} Kg8 72. Bf5 {Be6+ is the strong threat.} Kh8 73. Kh6 Kg8 74. Kg6 Kh8 75. Bg4 {Strongly threatening Bf5.} Kg8 76. Kf6 {aiming for Be6+.} Kh8 77. Kf7 {Threatens to win with Be6.} Kh7 78. Bf5+ {Precision: White = 58%, Black = 34%.} 1/2-1/2